| 000 | 00934nam a2200205 a 4500 | ||
|---|---|---|---|
| 003 | AM-YEHGA | ||
| 005 | 20260402102320.0 | ||
| 008 | 010110s1939 fr |||||||||||||||||arm|d | ||
| 040 | _aAM-YeHGA | ||
| 041 | 0 | _aarm | |
| 100 | 1 | _aԿիրակոսեան, Գ. Կ. | |
| 245 | 1 | 0 |
_aՈւղեցոյց հայ ուսուցչին / _cԳ.Կ. Կիրակոսեան. |
| 260 |
_aՓարիզ : _bԳեղ. տպարան Խ. Մաթիկեան, _c1939. |
||
| 300 | _a63 [1] չհ էջ | ||
| 440 | 0 |
_aՄատենաշար Հ.Բ.Ը. միութեան ; _vԹիվ 6 |
|
| 500 | _aՆկարագրությունը կատարված է շապիկից և տիտղոսաթերթից: Տպագրության և տպարանի տվյալները վերցված են բնագրի վերջից | ||
| 650 | 1 | 4 | _aՀայոց լեզու |
| 856 | 4 |
_uhttp://greenstone.flib.sci.am/gsdl/collect/opac/books/uxecoys_hayusucchin_1939.pdf _yԿարդալ առցանց |
|
| 942 |
_2udc _cBK |
||
| 999 |
_c14791 _d14791 |
||